000 00341nam a22001457a 4500
999 _c8888
_d8888
003 OSt
008 200713b ||||| |||| 00| 0 eng d
082 _a615.321PRT
100 _aPrasad , Mahesh
245 _aText Book of Pharmacology-1
250 _a1st 2019
260 _aNew Delhi
_bNirali
650 _aPharmacognosy
942 _2ddc
_cBK
_06